000 01200cam a2200337 i 4500
999 _c1018
_d1018
001 18050915
003 GZU
005 20200921103001.0
008 140228s2014 cau b 001 0 eng
010 _a 2014934589
020 _a9781446260739
020 _a9781446260746 (pbk)
040 _aDLC
_beng
_cDLC
_erda
_dDLC
042 _apcc
050 0 0 _aLB1028
_b.PUN 2014
100 1 _aPunch, Keith,
_eauthor.
245 1 0 _aIntroduction to research methods in education /
_cKeith F Punch, Alis Oancea.
250 _aSecond edition.
264 1 _aThousand Oaks, CA :
_bSage Publications,
_c2014.
300 _axvi, 421 pages ;
_c24 cm
336 _atext
_2rdacontent
337 _aunmediated
_2rdamedia
338 _avolume
_2rdacarrier
500 _aIncludes bibliographical references (pages 385-411) and index.
505 0 _aIncludes bibliographical references (pages 385-411) and index.
650 0 _aEducation
_xResearch
_xMethodology
_vTextbooks.
700 1 _aOancea, Alis,
_eauthor.
906 _a0
_bibc
_corignew
_d2
_eepcn
_f20
_gy-gencatlg
942 _2lcc
_cBK
_e2nd ed.
_h1028
_iPUN
_kLB